000 00670nam a2200241Ia 4500
999 _c53892
_d53892
001 20943
003 GE_BSU
005 20221111122917.0
008 181216s2014||||enk|||||||||||||| ||eng||
020 _a9781292020754x
040 _cGE_BSU
041 _aeng
080 _a546 M-66
100 _aMiessler, Gary L.
_912158
245 _aInorganic chemistry /
_cGary L. Miessler, PaulJ.Fischer, Donald A.Tarr.
250 _aFifth Edition.
264 _aHarlow:
_bPerson,
_c2014.
300 _a674 p. :
_bill ;
_c27cm.
653 _aInorganic chemistry
653 _aარაორგანული ქიმია
653 _aქიმია
942 _cBK
_2udc